000 00663cab a2200217 4500
001 WB3410-50
008 090401t1998 xxu||||| |||| 00| 0 eng d
035 _a(Sirsi) u84778
041 _aeng
245 _aCEL insolvency department
260 _c1998
350 _a0
490 _aEstates Gazette
_v(9810) 7 March 1998, 42(1)
520 _aColliers Erdman Lewis is setting up an insolvency department because it believes the economy is going to slow down.
650 _aCOLLIERS ERDMAN LEWIS
650 _aECONOMY
650 _aInsolvency
_96247
690 _aMANAGEMENT-BUSINESS MANAGEMENT-PROFESSIONAL PRACTICE
942 _n0
948 _c10/03/1998
999 _c53311
_d53311